000 00339nam a2200133Ia 4500
008 231017s9999 xx 000 0 und d
082 _a625.85
082 _bSAL
245 0 _aTransporter Research Circular No. E-C122: Asphalt Emulsion Technology Residue Procedures
245 0 _cTRB
260 _bTRB
300 _c30cm
942 _cREP
999 _c604508
_d604508